000 00281nam a22001337a 4500
008 170227b xxu||||| |||| 00| 0 eng d
020 _a071671843X
041 _aeng
080 _23RD
_a577
100 _a5
101 _aSHMB
245 _aBIOCHEMISTRY
_cSTRYER, L
942 _2udc
_cBK
999 _c6370
_d6370